Thiết kế flash với các thành phần dựng sẵn
Giới thiệu cách thiết kế Flash với các thành phần dựng sẵn bao gồm: Thành phần là gì, cách sử dụng; Thành phần Event Calendar, Text Editor, XML News Ticker, ToolTip, Sketchpad, Video Player..., các thành phần hiệu ứng văn bản, trò chơi...
সংরক্ষণ করুন:
| প্রধান লেখক: | |
|---|---|
| বিন্যাস: | গ্রন্থ |
| ভাষা: | Undetermined |
| প্রকাশিত: |
Hà Nội
Thống kê
2005
|
| বিষয়গুলি: | |
| ট্যাগগুলো: |
ট্যাগ যুক্ত করুন
কোনো ট্যাগ নেই, প্রথমজন হিসাবে ট্যাগ করুন!
|
| Thư viện lưu trữ: | Trung tâm Học liệu Trường Đại học Cần Thơ |
|---|
| LEADER | 00983nam a2200205Ia 4500 | ||
|---|---|---|---|
| 001 | CTU_213043 | ||
| 008 | 210402s9999 xx 000 0 und d | ||
| 082 | |a 006.78 | ||
| 082 | |b S312 | ||
| 100 | |a Nguyễn, Trường Sinh | ||
| 245 | 0 | |a Thiết kế flash với các thành phần dựng sẵn | |
| 245 | 0 | |c Nguyễn Trường Sinh | |
| 260 | |a Hà Nội | ||
| 260 | |b Thống kê | ||
| 260 | |c 2005 | ||
| 520 | |a Giới thiệu cách thiết kế Flash với các thành phần dựng sẵn bao gồm: Thành phần là gì, cách sử dụng; Thành phần Event Calendar, Text Editor, XML News Ticker, ToolTip, Sketchpad, Video Player..., các thành phần hiệu ứng văn bản, trò chơi | ||
| 650 | |a Flash ( computer programs ),Multimedia systems | ||
| 904 | |i Qhieu | ||
| 910 | |a Sách kèm đĩa có số AV.000640;AV.000639 | ||
| 980 | |a Trung tâm Học liệu Trường Đại học Cần Thơ | ||